Návrh a implementácia "klient - server" architektúry riadenia modelu reálnej sústavy v lokálnej sieti pod OS UNIX s podporou grafického prostredia X Windows : Dipl.práca /

Na minha lista:
Detalhes bibliográficos
Autor principal: Bartal, Peter (Author)
Outros Autores: Šimová, Ľubica, 1947- (Thesis advisor)
Formato: Manuscrito Livro
Publicado em: Bratislava : STU v Bratislave FEI, 1997
Tags: Adicionar Tag
Sem tags, seja o primeiro a adicionar uma tag!

MARC

LEADER 00000ntm a22000003a 4500
001 stu10519
005 20160719164941.1
008 980119s1997----------------------------d
040 |a STU  |b slo 
041 0
100 1 |a Bartal, Peter  |4 aut 
245 1 |a Návrh a implementácia "klient - server" architektúry riadenia modelu reálnej sústavy v lokálnej sieti pod OS UNIX s podporou grafického prostredia X Windows :  |b Dipl.práca /  |c [aut.] Bartal,Peter; Škol. řimová,Ňubica 
260 |a Bratislava :  |b STU v Bratislave FEI,  |c 1997 
300 |a 80 s :  |b príl 
700 1 |a Šimová, Ľubica,  |d 1947-  |4 ths  |u E010  |T FEI Ústav riadenia a priemyselnej informatiky  |X 4970  |U E010  |Y E010  |7 A000004970